• 首页
  • 本馆介绍
  • 公告通知
  • 最新文献
  • 馆藏检索
  • 电子资源
  • 读者导购
  • 参考咨询
  • 我的图书馆
  • 登录
  • 详细信息显示
  • 放入我的书架
  • 预约/预借图书
  • 作者相关作品
  • 分类相关作品
  • 丛书相关作品
  • 出版社相关作品

书目信息

  • 表格格式
  • 工作单格式
  • 卡片格式
题名:
20世纪的中国
    
 
作者: 彭明 总主编 ;虞和平 著
分册:   经济卷
出版信息: 北京   人民出版社  2010.08
页数: 19,733页
开本: 24cm
丛书名:
单 册:
中图分类: K26 , F129.7
科图分类:
主题词: 中国历史--20世纪 , 中国经济--经济史--1949-2000 , 中国历史 , 中国经济 , 经济史
电子资源:
ISBN: 978-7-01-007644-7
000 01110nam0 2200313 450
001 010010079509
005 20120619161228.09
010    @a978-7-01-007644-7@b精装@dCNY110.00
100    @a20101012d2010 em y0chiy0110 ea
101 0  @achi
102    @aCN@b110000
105    @ak z 000yy
106    @ar
200 1  @a20世纪的中国@920 shi ji de zhong guo@e走向现代化的历程@i经济卷@e1900-1949@f彭明总主编@g虞和平著
210    @a北京@c人民出版社@d2010.08
215    @a19,733页@d24cm
330    @a本书主要内容包括:半殖民地资本主义经济体制的建立:清末经济变革;辛亥革命的经济现代化动员:民国初年经济动态;自由发展:北京政府时期的经济走势;走向统制:南京国民政府时期的经济趋势等。
517 1  @a走向现代化的历程@9zou xiang xian dai hua de li cheng
606 0  @a中国历史@z20世纪
606 0  @a中国经济@x经济史@z1949-2000
606 0  @a中国历史
606 0  @a中国经济
606 0  @a经济史
690    @aK26@v4
690    @aF129.7@v4
701  0 @a彭明@9peng ming@f(1924-2008)@4总主编
702  0 @a虞和平@9yu he ping@f(1948-)@4著
801  0 @aCN@bRENTIAN@c20101012
905    @b539228-32@dK26@e112@f5
    
    20世纪的中国:走向现代化的历程.经济卷:1900-1949/彭明总主编/虞和平著.-北京:人民出版社,2010.08
    19,733页;24cm
    
    
    ISBN 978-7-01-007644-7(精装):CNY110.00
    本书主要内容包括:半殖民地资本主义经济体制的建立:清末经济变革;辛亥革命的经济现代化动员:民国初年经济动态;自由发展:北京政府时期的经济走势;走向统制:南京国民政府时期的经济趋势等。
●
相关链接 在E读中查询图书 在五车中查询图书 在当当中查询图书 在豆瓣中查询图书


正题名:20世纪的中国     索取号:K26/112         预约/预借

序号 登录号 条形码 馆藏地/架位号 状态 备注
1 539228   205392289   第二样本阅览室/ [索取号:K26/112] 在馆    
2 539229   205392298   第二借阅区/ [索取号:K26/112] 在馆    
3 539230   205392305   密集书库-史法系/ [索取号:K26/112] 在馆    
4 539231   205392314   第二借阅区/ [索取号:K26/112] 在馆    
5 539232   205392323   第二借阅区/ [索取号:K26/112] 在馆    
唐山师范学院图书馆 欢迎您!
大连网信软件有限公司© 版权所有